00621nam a2200181Ia 4500008004100000041000800041082001400049100005000063245002100113250000800134260004700142300000700189542001500196650002100211906002000232999001700252952017000269220531s9999 xx 000 0 und d aeng bWOM / DRI aDrishti Stree Abhiyan Prabodhan kendra978870 aWomens Education a1ST aPunebDrishti Abhyas Adhyayan Kendrac2016 a80 d09-02-2016 aSociology978871 d2015-2016f8647 c43678d43678 00102ddc40708SociologyaSSMMbSSMMd2016-02-09eRanade, P.B.g10.00l0n1o/WOM/DRI/B/25300pSSMM-BK-25300r2022-08-06 00:00:00v10.00w2022-08-06yBKz010025300